20+ free full games; 200+ minutes of free music, videos, mac (Record no. 139456)

000 -LEADER
fixed length control field 00288nmm a2200097Ia 4500
008 - FIXED-LENGTH DATA ELEMENTS--GENERAL INFORMATION
fixed length control field 220120s9999||||xx |||||||||||||||||und||
020 ## - INTERNATIONAL STANDARD BOOK NUMBER
International Standard Book Number 81-203-2170-7
100 ## - MAIN ENTRY--PERSONAL NAME
Personal name Digit , January
9 (RLIN) 11052
245 #0 - TITLE STATEMENT
Title 20+ free full games; 200+ minutes of free music, videos, mac
260 ## - PUBLICATION, DISTRIBUTION, ETC.
Name of publisher, distributor, etc. New delhi
Date of publication, distribution, etc. 2010
Holdings
Withdrawn status Lost status Damaged status Not for loan Home library Current library Date acquired Barcode Date last seen Price effective from Koha item type
        Central Library Central Library 01/20/2022 CD1007 01/20/2022 01/20/2022 Compact Disc

Powered by Koha